000 00379 a2200169 4500
001 188546
020 _a85-08-08956-2
040 _cMagnum
100 _aBrezina, Thomas
240 1 0 _aBoazinha? nem pensar!
_lpor
245 1 0 _aBoazinha? nem pensar!
300 _a86
362 0 _a2003
440 1 _aÁtica
697 _aLITERATURA INFANTO-JUVENIL ESTRANGEIRA
942 _cBK
999 _c188546
_d188546